[Event "VIE-chT"]
[Site "Ho Chi Minh City"]
[Date "2013.08.19"]
[Round "8"]
[White "Dang, Hoang Son"]
[Black "Tran, Ngoc Thach"]
[Result "0-1"]
[WhiteElo "2079"]
[BlackElo "2165"]
[PlyCount "104"]
[EventDate "2013.08.14"]
[EventType "team-swiss"]
[EventRounds "11"]
[EventCountry "VIE"]
[SourceTitle "CBM 156 Extra"]
[Source "ChessBase"]
[SourceDate "2013.10.22"]
[SourceVersion "1"]
[SourceVersionDate "2013.10.22"]
[SourceQuality "1"]

1. d4 e6 2. Nf3 f5 3. c4 Nf6 4. g3 Be7 5. Bg2 0-0 6. 0-0 d6 7. Nc3 Qe8 8. Re1 Qg6 9. Qb3 Nbd7 10. Ng5 Nb6 11. c5 Ne8 12. cxb6 Bxg5 13. bxa7 Rxa7 14. f4 Bf6 15. d5 e5 16. e4 Qh5 17. exf5 Bxf5 18. fxe5 Bxe5 19. Rxe5 dxe5 20. d6+ Kh8 21. Be3 Ra8 22. Qxb7 Nf6 23. Bc5 Rab8 24. Qf3 Bg4 25. Qe3 Rxb2 26. dxc7 Rc8 27. Ba3 Rc2 28. Rf1 Rxg2+ 29. Kxg2 Bh3+ 30. Kg1 Bxf1 31. Kxf1 Rxc7 32. Kg1 Qxh2+ 33. Kxh2 Ng4+ 34. Kg1 Nxe3 35. Bb2 Rd7 36. Ne4 Nc4 37. Bc3 Ra7 38. Kf2 Rxa2+ 39. Kf3 Ra4 40. Ke2 Nb6 41. Nd6 Nd7 42. Ke3 Kg8 43. Bb2 Kf8 44. Ne4 Ke7 45. Nc3 Rc4 46. Ne4 h6 47. Kd3 Rc6 48. Ke3 Ke6 49. g4 Nf6 50. Nf2 Rc2 51. Ba1 Nd5+ 52. Kf3 Ra2 0-1

[Event "VIE-chT"]
[Site "Ho Chi Minh City"]
[Date "2013.08.18"]
[Round "7"]
[White "Tran, Ngoc Thach"]
[Black "Nguyen, Phuoc Tam"]
[Result "1/2-1/2"]
[WhiteElo "2165"]
[BlackElo "2070"]
[PlyCount "125"]
[EventDate "2013.08.14"]
[EventType "team-swiss"]
[EventRounds "11"]
[EventCountry "VIE"]
[SourceTitle "CBM 156 Extra"]
[Source "ChessBase"]
[SourceDate "2013.10.22"]
[SourceVersion "1"]
[SourceVersionDate "2013.10.22"]
[SourceQuality "1"]

1. d4 f5 2. g3 Nf6 3. Bg2 g6 4. Nf3 Bg7 5. 0-0 0-0 6. c4 d6 7. Nc3 c6 8. Rb1 a5 9. d5 e5 10. dxe6 Bxe6 11. b3 Na6 12. Ng5 Qe7 13. Nxe6 Qxe6 14. Ba3 Nb4 15. Bb2 Rad8 16. a3 Na6 17. Qc2 Nc5 18. e3 Nce4 19. Rbd1 Ng5 20. Ne2 Nge4 21. Nf4 Qe7 22. Bd4 Rfe8 23. Rd3 Nd7 24. Bxg7 Kxg7 25. Rd4 Ndf6 26. Re1 h5 27. h4 Qe5 28. Red1 Kf7 29. Bf3 Rg8 30. Kf1 c5 31. R4d3 g5 32. hxg5 Rxg5 33. Ke2 Rdg8 34. Rh1 Nxg3+ 35. fxg3 Rxg3 36. Qc3 Rxf3 37. Qxe5 dxe5 38. Kxf3 e4+ 39. Ke2 exd3+ 40. Kxd3 Rh8 41. Rh4 Rd8+ 42. Ke2 b6 43. Rh3 Rh8 44. Rh4 Ng4 45. Kd2 Nf6 46. Kc2 Rg8 47. Rh3 Rg5 48. Kd3 Kg8 49. Rf3 Nd7 50. Rh3 Nf6 51. Rf3 h4 52. Ne6 Rh5 53. Nf4 Rg5 54. Ne6 Rg6 55. Nf4 Rg3 56. Rxg3+ hxg3 57. Ke2 Ne4 58. Kf3 Nd2+ 59. Kxg3 Nxb3 60. Nd5 Kf7 61. Nxb6 Ke6 62. Kf4 Nc1 63. e4 1/2-1/2

[Event "VIE-chT"]
[Site "Ho Chi Minh City"]
[Date "2013.08.17"]
[Round "6"]
[White "Bui, Vinh"]
[Black "Tran, Ngoc Thach"]
[Result "1-0"]
[WhiteElo "2411"]
[BlackElo "2165"]
[PlyCount "87"]
[EventDate "2013.08.14"]
[EventType "team-swiss"]
[EventRounds "11"]
[EventCountry "VIE"]
[SourceTitle "CBM 156 Extra"]
[Source "ChessBase"]
[SourceDate "2013.10.22"]
[SourceVersion "1"]
[SourceVersionDate "2013.10.22"]
[SourceQuality "1"]

1. d4 Nf6 2. Nf3 e6 3. Bg5 Be7 4. e3 b6 5. Bd3 Bb7 6. 0-0 Nd5 7. Bxe7 Qxe7 8. c4 Nf6 9. Nc3 d6 10. e4 Nbd7 11. Re1 e5 12. Nd5 Qd8 13. b4 0-0 14. Qc2 Re8 15. a3 c6 16. Nc3 Nf8 17. d5 c5 18. bxc5 bxc5 19. Rab1 Qd7 20. Rb2 Ng6 21. Reb1 Bc8 22. Bf1 Ba6 23. Nd2 Ne7 24. g3 Nc8 25. Qa4 Qxa4 26. Nxa4 Nd7 27. Nc3 Ndb6 28. a4 Re7 29. a5 Nd7 30. Bh3 g6 31. Nb5 Nf6 32. f3 Ne8 33. Nc3 Ng7 34. Rb8 Rxb8 35. Rxb8 f5 36. Nb5 Kf7 37. g4 Rd7 38. gxf5 gxf5 39. exf5 Ne8 40. f6 Rd8 41. Ne4 Kg6 42. Nxa7 Bxc4 43. Nxc8 Bxd5 44. Ne7+ 1-0

[Event "VIE-ch"]
[Site "Ho Chi Minh City"]
[Date "2013.04.18"]
[Round "6"]
[White "Tran, Thanh Tu"]
[Black "Tran, Ngoc Thach"]
[Result "1-0"]
[WhiteElo "2307"]
[BlackElo "2179"]
[PlyCount "109"]
[EventDate "2013.04.15"]
[EventType "swiss"]
[EventRounds "7"]
[EventCountry "VIE"]
[SourceTitle "CBM 154 Extra"]
[Source "ChessBase"]
[SourceDate "2013.06.25"]
[SourceVersion "2"]
[SourceVersionDate "2013.06.25"]
[SourceQuality "1"]

1. Nf3 Nf6 2. d4 e6 3. e3 b6 4. Bd3 Bb7 5. Nbd2 c5 6. b3 cxd4 7. exd4 Be7 8. 0-0 0-0 9. Bb2 d6 10. c4 Nbd7 11. Re1 Rc8 12. b4 Rc7 13. a4 a5 14. bxa5 bxa5 15. Bc3 Qa8 16. Nb3 Bxf3 17. Qxf3 Ra7 18. Qe3 Rb8 19. Reb1 Bd8 20. Nd2 Rxb1+ 21. Rxb1 Rb7 22. Rb5 Rxb5 23. axb5 Bb6 24. Ne4 Nxe4 25. Bxe4 Qa7 26. Bc6 Nb8 27. c5 dxc5 28. d5 Nxc6 29. bxc6 Qc7 30. Be5 Qd8 31. d6 f6 32. Bg3 e5 33. Qb3+ Kf8 34. d7 Ke7 35. Qd5 Qb8 36. h3 a4 37. f4 exf4 38. Bf2 Qd6 39. Qe4+ Qe5 40. Qxa4 Kd6 41. Qa8 Qe7 42. Qe8 Qd8 43. Qe4 Qe7 44. Qa4 g5 45. Kf1 Qd8 46. g3 Qc7 47. Qa8 Qd8 48. Qc8 Bc7 49. Qa6 Qb8 50. Qc8 Qb1+ 51. Kg2 Qe4+ 52. Kg1 Qe7 53. Qe8 Qd8 54. Qe4 Qe7 55. Bxc5+ 1-0

[Event "VIE-ch"]
[Site "Ho Chi Minh City"]
[Date "2013.04.17"]
[Round "5"]
[White "Tran, Ngoc Thach"]
[Black "Truong, Anh Kiet"]
[Result "1-0"]
[WhiteElo "2179"]
[BlackElo "1775"]
[PlyCount "79"]
[EventDate "2013.04.15"]
[EventType "swiss"]
[EventRounds "7"]
[EventCountry "VIE"]
[SourceTitle "CBM 154 Extra"]
[Source "ChessBase"]
[SourceDate "2013.06.25"]
[SourceVersion "2"]
[SourceVersionDate "2013.06.25"]
[SourceQuality "1"]

1. d4 Nf6 2. c4 e6 3. Nc3 Bb4 4. e3 0-0 5. Bd3 c5 6. Nge2 Nc6 7. dxc5 Bxc5 8. 0-0 d5 9. cxd5 exd5 10. b3 a6 11. Bb2 Bg4 12. Rc1 Qd6 13. Qc2 Nb4 14. Qd2 Nxd3 15. Qxd3 Rfd8 16. Nd4 Rac8 17. Nce2 Ba7 18. Nf4 Rxc1 19. Rxc1 Bb8 20. h3 Be6 21. Nf5 Bxf5 22. Qxf5 h6 23. Rd1 Qd7 24. Qxd7 Rxd7 25. Nd3 Ba7 26. Bxf6 gxf6 27. Nb4 d4 28. Kf1 Kf8 29. Nc2 d3 30. Ne1 Rc7 31. Rxd3 Ke7 32. Ke2 Ke6 33. Kd1 f5 34. Rd2 Ke5 35. Nd3+ Ke4 36. Ke2 Kd5 37. Kf3 a5 38. Nf4+ Kc5 39. Rd5+ Kb4 40. Nd3+ 1-0

[Event "VIE-ch"]
[Site "Ho Chi Minh City"]
[Date "2013.04.15"]
[Round "1"]
[White "Tran, Ngoc Thach"]
[Black "Nguyen, Huynh Minh Huy"]
[Result "1/2-1/2"]
[WhiteElo "2179"]
[BlackElo "2462"]
[PlyCount "56"]
[EventDate "2013.04.15"]
[EventType "swiss"]
[EventRounds "7"]
[EventCountry "VIE"]
[SourceTitle "CBM 154 Extra"]
[Source "ChessBase"]
[SourceDate "2013.06.25"]
[SourceVersion "2"]
[SourceVersionDate "2013.06.25"]
[SourceQuality "1"]

1. d4 Nf6 2. c4 e6 3. Nc3 Bb4 4. e3 d5 5. a3 Bxc3+ 6. bxc3 0-0 7. cxd5 exd5 8. Bd3 b6 9. Ne2 Ba6 10. Bxa6 Nxa6 11. Qd3 Qc8 12. c4 dxc4 13. Qxc4 c5 14. 0-0 Rd8 15. Bb2 cxd4 16. Qxc8 Raxc8 17. Nxd4 Nc5 18. Nf5 Kf8 19. Bxf6 gxf6 20. Rad1 Ne6 21. g4 Rxd1 22. Rxd1 Rc3 23. Rd7 Rxa3 24. Rb7 Nd8 25. Rd7 Ke8 26. Re7+ Kf8 27. Rd7 Ke8 28. Re7+ Kf8 1/2-1/2

[Event "VIE-ch"]
[Site "Ho Chi Minh City"]
[Date "2012.11.30"]
[Round "3"]
[White "Tran, Ngoc Thach"]
[Black "Duong, The Anh"]
[Result "1/2-1/2"]
[WhiteElo "2174"]
[BlackElo "2368"]
[PlyCount "96"]
[EventDate "2012.11.29"]
[EventType "swiss"]
[EventRounds "9"]
[EventCountry "VIE"]
[SourceTitle "CBM 151 Extra"]
[Source "ChessBase"]
[SourceDate "2012.12.18"]
[SourceVersion "1"]
[SourceVersionDate "2012.12.18"]
[SourceQuality "1"]

1. d4 d5 2. c4 c6 3. Nc3 Nf6 4. Nf3 e6 5. Bg5 h6 6. Bh4 dxc4 7. e4 g5 8. Bg3 b5 9. Be2 Bb7 10. 0-0 Nbd7 11. Ne5 Bg7 12. Nxd7 Qxd7 13. Be5 0-0-0 14. b3 Ne8 15. bxc4 f6 16. Bg3 Qxd4 17. Qb3 b4 18. Na4 Nc7 19. Bxc7 Kxc7 20. Qxb4 Qd2 21. Nc3 Qd6 22. Qa5+ Kb8 23. Rab1 Rd7 24. Rb3 Qe5 25. Qa4 Rc8 26. Bf3 Bf8 27. Nd1 Bc5 28. Nb2 Bd6 29. g3 Bc5 30. Nd3 Qd4 31. Rc1 Qxd3 32. Rxd3 Rxd3 33. Be2 Rd4 34. Qc2 Rcd8 35. Kf1 Kc7 36. Rd1 e5 37. Rxd4 Rxd4 38. Bd3 Bc8 39. Ke2 Bg4+ 40. f3 Be6 41. g4 Rd8 42. Kf1 Rb8 43. Qa4 Rb2 44. Be2 Rb1+ 45. Kg2 Rb2 46. Kf1 Rb1+ 47. Kg2 Rb2 48. Kf1 Rb1+ 1/2-1/2

[Event "VIE-ch"]
[Site "Ho Chi Minh City"]
[Date "2012.11.29"]
[Round "1"]
[White "Tran, Ngoc Thach"]
[Black "Cao, Sang"]
[Result "0-1"]
[WhiteElo "2174"]
[BlackElo "2497"]
[PlyCount "100"]
[EventDate "2012.11.29"]
[EventType "swiss"]
[EventRounds "9"]
[EventCountry "VIE"]
[SourceTitle "CBM 151 Extra"]
[Source "ChessBase"]
[SourceDate "2012.12.18"]
[SourceVersion "1"]
[SourceVersionDate "2012.12.18"]
[SourceQuality "1"]

1. d4 Nf6 2. c4 e6 3. Nc3 Bb4 4. Qc2 0-0 5. a3 Bxc3+ 6. Qxc3 b6 7. Bg5 h6 8. Bh4 Ba6 9. Nf3 d6 10. e3 Nbd7 11. Bd3 c5 12. b4 cxd4 13. exd4 Rc8 14. Qb3 e5 15. dxe5 dxe5 16. Nd2 e4 17. Be2 Ne5 18. Rd1 Nd3+ 19. Bxd3 exd3 20. 0-0 g5 21. Bg3 Qd4 22. Rc1 Bb7 23. Qc3 Qxc3 24. Rxc3 Rfd8 25. f3 Ba6 26. Rfc1 Rd7 27. Be5 Nh5 28. c5 Re7 29. Bd6 Re2 30. Rd1 Nf6 31. Nf1 bxc5 32. bxc5 Nd5 33. Rcxd3 Bxd3 34. Rxd3 Nf4 35. Bxf4 gxf4 36. Rc3 Rc6 37. Rc4 Re5 38. Rxf4 Rcxc5 39. Rd4 Re2 40. Rd1 Rcc2 41. g3 Ra2 42. f4 Rxa3 43. Rb1 Raa2 44. Rd1 h5 45. Rd3 Ra1 46. Rf3 a5 47. h3 a4 48. g4 h4 49. f5 Ree1 50. Kg2 Rxf1 0-1

[Event "VIE-chT"]
[Site "Ho Chi Minh City"]
[Date "2012.09.23"]
[Round "4"]
[White "Tran, Anh Tri"]
[Black "Tran, Ngoc Thach"]
[Result "1-0"]
[WhiteElo "2305"]
[BlackElo "2195"]
[PlyCount "83"]
[EventDate "2012.09.21"]
[EventType "team-tourn"]
[EventRounds "9"]
[EventCountry "VIE"]
[SourceTitle "CBM 150 Extra"]
[Source "ChessBase"]
[SourceDate "2012.10.19"]
[SourceVersion "1"]
[SourceVersionDate "2012.10.19"]
[SourceQuality "1"]

1. d4 e6 2. c4 f5 3. g3 Nf6 4. Bg2 Be7 5. Nc3 0-0 6. d5 Bb4 7. Qb3 Qe7 8. a3 Bxc3+ 9. Qxc3 e5 10. Nf3 d6 11. 0-0 Ne4 12. Qc2 a5 13. b3 Nd7 14. Rb1 g6 15. Ne1 Nef6 16. f3 Nh5 17. e3 b6 18. Nd3 Nc5 19. Nf2 Ba6 20. b4 axb4 21. axb4 Nd7 22. Bb2 Bb7 23. e4 f4 24. g4 Nhf6 25. Ra1 g5 26. Nd3 h5 27. h3 Kf7 28. Rfc1 hxg4 29. hxg4 c5 30. dxc6 Bxc6 31. c5 Bb5 32. c6 Rxa1 33. Bxa1 Nb8 34. c7 Nc6 35. Bf1 Rc8 36. Nf2 Bxf1 37. Kxf1 Na7 38. Qa2+ Kg6 39. Qxa7 Ne8 40. Qxb6 Rxc7 41. Rxc7 Nxc7 42. Qc6 1-0

[Event "VIE-ch"]
[Site "Can Tho"]
[Date "2012.03.21"]
[Round "5"]
[White "Pham, Duc Thang"]
[Black "Tran, Ngoc Thach"]
[Result "0-1"]
[WhiteElo "2232"]
[BlackElo "2212"]
[PlyCount "48"]
[EventDate "2012.03.19"]
[EventType "swiss"]
[EventRounds "9"]
[EventCountry "VIE"]
[SourceTitle "EXT 2013"]
[Source "ChessBase"]
[SourceDate "2012.11.22"]
[SourceVersion "1"]
[SourceVersionDate "2012.11.22"]
[SourceQuality "1"]

1. e4 e6 2. d4 d5 3. Nc3 Bb4 4. e5 c5 5. a3 Bxc3+ 6. bxc3 Ne7 7. Qg4 Qc7 8. Qxg7 Rg8 9. Qxh7 cxd4 10. Ne2 dxc3 11. Qd3 Qxe5 12. Bf4 Qg7 13. Qxc3 Nbc6 14. Qxg7 Rxg7 15. h4 f6 16. Ng3 e5 17. Bd2 Nd4 18. Rc1 Nef5 19. Nh5 Rg6 20. f3 Kf7 21. Kf2 Ne7 22. Be3 Ndf5 23. Bd3 Nxe3 24. Kxe3 Rxg2 0-1

[Event "VIE-ch"]
[Site "Can Tho"]
[Date "2012.03.21"]
[Round "4"]
[White "Tran, Ngoc Thach"]
[Black "Nguyen, Anh Dung"]
[Result "0-1"]
[WhiteElo "2212"]
[BlackElo "2439"]
[PlyCount "64"]
[EventDate "2012.03.19"]
[EventType "swiss"]
[EventRounds "9"]
[EventCountry "VIE"]
[SourceTitle "EXT 2013"]
[Source "ChessBase"]
[SourceDate "2012.11.22"]
[SourceVersion "1"]
[SourceVersionDate "2012.11.22"]
[SourceQuality "1"]

1. d4 Nf6 2. c4 e6 3. Nc3 Bb4 4. Qc2 0-0 5. a3 Bxc3+ 6. Qxc3 d6 7. g3 Nc6 8. Nf3 e5 9. Bg2 e4 10. Nd2 d5 11. e3 Be6 12. 0-0 Re8 13. b3 Qd7 14. Re1 Bh3 15. Bh1 Ne7 16. cxd5 Nexd5 17. Qc2 Qf5 18. Nc4 h5 19. Ne5 c5 20. Bb2 cxd4 21. exd4 Rac8 22. Qd2 e3 23. Rxe3 Rc2 24. Re2 Rxd2 25. Rxd2 Rc8 26. Nc4 b5 27. Nd6 Rc2 28. Nxf5 Rxd2 29. Ne3 Nxe3 30. fxe3 Rxb2 31. b4 Ng4 32. Bc6 Nxe3 0-1

[Event "VIE-ch"]
[Site "Can Tho"]
[Date "2012.03.20"]
[Round "3"]
[White "Nguyen, Phuoc Tam"]
[Black "Tran, Ngoc Thach"]
[Result "0-1"]
[WhiteElo "2060"]
[BlackElo "2212"]
[PlyCount "116"]
[EventDate "2012.03.19"]
[EventType "swiss"]
[EventRounds "9"]
[EventCountry "VIE"]
[SourceTitle "EXT 2013"]
[Source "ChessBase"]
[SourceDate "2012.11.22"]
[SourceVersion "1"]
[SourceVersionDate "2012.11.22"]
[SourceQuality "1"]

1. e4 e5 2. d4 exd4 3. Qxd4 Nc6 4. Qe3 Nf6 5. Nc3 Bb4 6. Bd2 0-0 7. 0-0-0 Re8 8. Qg5 Nxe4 9. Nxe4 Rxe4 10. Nf3 Qxg5 11. Nxg5 Bxd2+ 12. Kxd2 Re7 13. Bd3 h6 14. Nf3 d6 15. h3 Be6 16. a3 Bd5 17. Kc3 Kf8 18. Bb5 Bxf3 19. gxf3 Ne5 20. f4 Ng6 21. f5 Nh4 22. f6 gxf6 23. Rhg1 Re5 24. Bd3 Rg5 25. f4 Rxg1 26. Rxg1 f5 27. Rg3 Ke7 28. Kd2 Kf6 29. c3 Re8 30. Bc2 Ng6 31. a4 Nxf4 32. Rf3 Ng6 33. Rxf5+ Kg7 34. Bb3 f6 35. Rf2 Re5 36. Bc2 Rg5 37. Re2 Ne5 38. b4 Rg3 39. Bb3 f5 40. Rf2 Kf6 41. Bc2 Rf3 42. Rxf3 Nxf3+ 43. Ke3 Ng5 44. h4 Ne6 45. a5 Ke5 46. c4 Nd4 47. Ba4 f4+ 48. Kf2 Ke4 49. Be8 Kd3 50. Bf7 Kc3 51. b5 Kb4 52. Bd5 Kxa5 53. Bxb7 Kb6 54. Bd5 c6 55. bxc6 a5 56. Ke1 Nxc6 57. Kd2 Ne5 58. Kc3 Kc5 0-1

[Event "Hanoi nat op"]
[Site "Hanoi"]
[Date "2002.10.08"]
[Round "9"]
[White "Tran, Ngoc Thach"]
[Black "To, Quoc Khanh"]
[Result "1-0"]
[WhiteElo "2182"]
[BlackElo "2308"]
[PlyCount "50"]
[EventDate "2002.10.??"]
[EventType "swiss"]
[EventRounds "9"]
[EventCountry "VIE"]
[SourceTitle "CBM 090 Extra"]
[Source "ChessBase"]
[SourceDate "2002.11.07"]
[SourceVersion "1"]
[SourceVersionDate "2002.11.07"]
[SourceQuality "1"]

1. d4 Nf6 2. c4 c5 3. d5 b5 4. cxb5 a6 5. f3 d6 6. e4 g6 7. a4 Bg7 8. Na3 e6 9. dxe6 fxe6 10. e5 Nd5 11. exd6 0-0 12. Bd3 Qh4+ 13. g3 Qb4+ 14. Qd2 axb5 15. Qxb4 Nxb4 16. Bxb5 Bd7 17. Bc4 N8c6 18. Ne2 Ne5 19. 0-0 Nxf3+ 20. Kg2 Bc6 21. Kh3 Rxa4 22. Nc3 Ra5 23. Nc2 Rxa1 24. Nxa1 Ng5+ 25. Bxg5 Rxf1 1-0